Crisis y reconstrucción de la filosofía / (Record no. 88756)

MARC details
000 -LEADER
campo de control de longitud fija 00690nam a2200241 i 4500
001 - NÚMERO DE CONTROL
campo de control 88756
003 - IDENTIFICADOR DE NÚMERO DE CONTROL
campo de control ES-MaACL
005 - FECHA Y HORA DE LA ÚLTIMA TRANSACCIÓN
campo de control 20251130063153.0
007 - CAMPO FIJO DE DESCRIPCIÓN FÍSICA--INFORMACIÓN GENERAL
campo de control de longitud fija t|
008 - DATOS DE LONGITUD FIJA--INFORMACIÓN GENERAL
campo de control de longitud fija 041203s2002 sp ||||1| spa d
020 ## - NÚMERO INTERNACIONAL ESTÁNDAR DEL LIBRO
Número Internacional Estándar del Libro 84-7432-924-8
080 ## - NÚMERO DE LA CLASIFICACIÓN DECIMAL UNIVERSAL
Número de la Clasificación Decimal Universal 001:1
100 1# - ENTRADA PRINCIPAL--NOMBRE DE PERSONA
Nombre de persona Bunge, Mario,
Fechas asociadas al nombre 1919-
9 (RLIN) 165711
245 10 - MENCIÓN DEL TÍTULO
Título Crisis y reconstrucción de la filosofía /
Mención de responsabilidad, etc. Mario Bunge.
250 ## - MENCION DE EDICION
Mención de edición 1ª ed.
260 ## - PUBLICACIÓN, DISTRIBUCIÓN, ETC.
Lugar de publicación, distribución, etc. Barcelona :
Nombre del editor, distribuidor, etc. Gedisa,
Fecha de publicación, distribución, etc. 2002.
300 ## - DESCRIPCIÓN FÍSICA
Extensión 314 p. ;
Dimensiones 23 cm.
490 1# - MENCIÓN DE SERIE
Mención de serie CLa-de-ma. Filosofía
650 #7 - PUNTO DE ACCESO ADICIONAL DE MATERIA--TÉRMINO DE MATERIA
Término de materia o nombre geográfico como elemento de entrada Ciencia y filosofía
Fuente del encabezamiento o término embne
9 (RLIN) 10968
830 0# - PUNTO DE ACCESO ADICIONAL DE SERIE-TÍTULO UNIFORME
Título uniforme CLa-de-ma. Filosofía
9 (RLIN) 184482
852 ## - LOCALIZACIÓN
Ubicación ES-MaACL
Número de control de estantería E-10579
Sublocalización o colección R.134697
Holdings
Estatus retirado Estado de pérdida Estado de daño No para préstamo Biblioteca de origen Biblioteca actual Ubicación en estantería Fecha de adquisición Fuente de adquisición Total de préstamos Signatura topográfica completa Código de barras Visto por última vez Precio de reemplazo Tipo de ítem Koha
        Biblioteca del Ateneo de Madrid Biblioteca del Ateneo de Madrid Depósito 2 17/01/2008     E-10579 1092706 23/02/2023 23/02/2023 Libro impreso